[Event "Mecklenburg VP VL 1011"]
[Site "Mecklenburg VP"]
[Date "2011.03.20"]
[Round "8.8"]
[White "Herrmann, Carsten"]
[Black "Bauer, Mirko"]
[Result "1-0"]
[WhiteElo "1975"]
[BlackElo "1659"]
[PlyCount "64"]
[EventDate "2010.10.10"]
[EventType "team-tourn"]
[EventRounds "9"]
[EventCountry "GER"]
[SourceTitle "EXT 2022"]
[Source "ChessBase"]
[SourceDate "2021.10.06"]
[SourceVersion "1"]
[SourceVersionDate "2021.10.06"]
[SourceQuality "1"]
[WhiteTeam "Greifswald II"]
[BlackTeam "Torgelow Droegeheide"]
[WhiteTeamCountry "GER"]
[BlackTeamCountry "GER"]

1. d4 Nf6 2. c4 g6 3. Nc3 Bg7 4. e4 d6 5. f3 0-0 6. Be3 e5 7. Nge2 Bd7 8. Qd2 a6 9. 0-0-0 Nc6 10. d5 Na7 11. g4 b5 12. Ng3 bxc4 13. Bxc4 Nb5 14. Nce2 Na7 15. h4 Nc8 16. h5 Nb6 17. Bb3 a5 18. a3 a4 19. Ba2 Bb5 20. Bh6 Qe7 21. Rdg1 Kh8 22. Bxg7+ Kxg7 23. hxg6 fxg6 24. Qh6+ Kg8 25. Qg5 Bc4 26. Nf5 Qe8 27. Bxc4 Nxc4 28. Neg3 Nxb2 29. Kxb2 Qb5+ 30. Ka1 Qb3 31. Qe3 gxf5 32. Nxf5 Rab8 1-0

[Event "Mecklenburg VP LL 0910"]
[Site "Mecklenburg VP"]
[Date "2009.11.15"]
[Round "2.5"]
[White "Herrmann, Carsten"]
[Black "Menzel, Michael"]
[Result "1/2-1/2"]
[WhiteElo "1946"]
[BlackElo "1895"]
[PlyCount "31"]
[EventDate "2009.10.18"]
[EventType "team-tourn"]
[EventRounds "9"]
[EventCountry "GER"]
[SourceTitle "EXT 2016"]
[Source "ChessBase"]
[SourceDate "2015.10.08"]
[SourceVersion "1"]
[SourceVersionDate "2015.10.08"]
[SourceQuality "1"]
[WhiteTeam "Greifswald II"]
[BlackTeam "Wismar ASV Gruen-Weiss"]
[WhiteTeamCountry "GER"]
[BlackTeamCountry "GER"]

1. c4 e5 2. Nc3 Nc6 3. Nf3 Nf6 4. g3 d6 5. Bg2 Be6 6. b3 Qd7 7. d4 Bh3 8. 0-0 0-0-0 9. Bb2 h5 10. dxe5 Bxg2 11. Kxg2 Nxe5 12. Nxe5 dxe5 13. Qxd7+ Rxd7 14. Rad1 Rxd1 15. Rxd1 h4 16. h3 1/2-1/2

[Event "Mecklenburg VP LL 0607"]
[Site "Mecklenburg VP"]
[Date "2006.10.15"]
[Round "1.3"]
[White "Herrmann, Carsten"]
[Black "Hanisch, Sebastian"]
[Result "1-0"]
[WhiteElo "1941"]
[BlackElo "1920"]
[PlyCount "67"]
[EventDate "2006.10.15"]
[EventType "team"]
[EventRounds "9"]
[EventCountry "GER"]
[SourceTitle "EXT 2008"]
[Source "ChessBase"]
[SourceDate "2007.11.25"]
[SourceVersion "1"]
[SourceVersionDate "2007.11.25"]
[SourceQuality "1"]
[WhiteTeam "Greifswald II"]
[BlackTeam "Schwerin"]
[WhiteTeamCountry "GER"]
[BlackTeamCountry "GER"]

1. d4 e6 2. c4 f5 3. g3 Nf6 4. Bg2 d5 5. Nf3 c6 6. Nbd2 Nbd7 7. 0-0 Bd6 8. Qc2 0-0 9. cxd5 cxd5 10. b3 Ne4 11. Bb2 Ndf6 12. Ne5 Nxd2 13. Qxd2 Ne4 14. Qd3 Bd7 15. f3 Nf6 16. Rae1 Qa5 17. a4 Rab8 18. e4 b5 19. Nxd7 Nxd7 20. Ra1 bxa4 21. Rxa4 Qb6 22. Ra6 Qb4 23. Ba3 Qxb3 24. Qxb3 Rxb3 25. Bxd6 Rc8 26. exd5 exd5 27. f4 Nf6 28. Bc5 Rb2 29. Rxa7 Ne4 30. Bxe4 dxe4 31. Rf2 Rb1+ 32. Kg2 Re1 33. Rb2 e3 34. Rbb7 1-0

[Event "Mecklenburg VP-ch MT"]
[Site "Nakenstorf"]
[Date "2006.04.15"]
[Round "6.12"]
[White "Stutz, Reno"]
[Black "Herrmann, Carsten"]
[Result "1/2-1/2"]
[WhiteElo "2155"]
[BlackElo "2018"]
[PlyCount "89"]
[EventDate "2006.04.13"]
[EventType "swiss"]
[EventRounds "9"]
[EventCountry "GER"]
[SourceTitle "EXT 2022"]
[Source "ChessBase"]
[SourceDate "2021.10.06"]
[SourceVersion "1"]
[SourceVersionDate "2021.10.06"]
[SourceQuality "1"]

1. e4 h6 2. d4 a6 3. c4 c5 4. d5 d6 5. Nc3 g5 6. Bd3 Bg7 7. Nge2 Nd7 8. 0-0 Ne5 9. f4 gxf4 10. Bxf4 Ng6 11. Qd2 Nf6 12. Ng3 Ng4 13. Nce2 h5 14. h3 N4e5 15. Rab1 h4 16. Nf5 Bxf5 17. exf5 Nxf4 18. Nxf4 b5 19. b3 b4 20. Bc2 Bf6 21. Rbe1 Bg5 22. Qe2 Kd7 23. Nh5 Rh6 24. a3 bxa3 25. Ra1 Qa5 26. Nf4 Qc3 27. Rxa3 Qd4+ 28. Qf2 Nf3+ 29. Kh1 Qb2 30. Rfa1 Nd4 31. R3a2 Qc3 32. Ne2 Nxe2 33. Qxe2 Bf6 34. Rf1 Rh7 35. Rf3 Qb4 36. Ra4 Qb6 37. Qe1 a5 38. Re3 Rhh8 39. Bd1 Rhg8 40. Bg4 Qd8 41. Re2 Ke8 42. Rea2 Kf8 43. Rxa5 Rxa5 44. Rxa5 Kg7 45. Kg1 1/2-1/2

[Event "Mecklenburg VP LL1 0506"]
[Site "Mecklenburg VP"]
[Date "2006.03.12"]
[Round "8.1"]
[White "Bigalke, Steffen"]
[Black "Herrmann, Carsten"]
[Result "1-0"]
[WhiteElo "1761"]
[BlackElo "2013"]
[PlyCount "49"]
[EventDate "2005.10.23"]
[EventType "team"]
[EventRounds "9"]
[EventCountry "GER"]
[SourceTitle "EXT 2008"]
[Source "ChessBase"]
[SourceDate "2007.11.25"]
[SourceVersion "1"]
[SourceVersionDate "2007.11.25"]
[SourceQuality "1"]
[WhiteTeam "Torgelow II"]
[BlackTeam "Greifswald II"]
[WhiteTeamCountry "GER"]
[BlackTeamCountry "GER"]

1. e4 h6 2. d4 a6 3. Nf3 d6 4. Nc3 g5 5. Bc4 Bg7 6. 0-0 Nd7 7. Be3 b5 8. Bd5 Rb8 9. e5 e6 10. Bc6 Ne7 11. Bxd7+ Bxd7 12. Ne4 Bc6 13. Ng3 Kf8 14. Nh5 Nf5 15. Nxg7 Kxg7 16. g4 Bxf3 17. Qxf3 Nh4 18. Qg3 Ng6 19. f4 gxf4 20. Bxf4 d5 21. Be3 h5 22. Rf6 hxg4 23. Raf1 Rf8 24. Qxg4 Qd7 25. h4 1-0

[Event "Mecklenburg VP LL 0506"]
[Site "Mecklenburg VP"]
[Date "2006.02.19"]
[Round "7.7"]
[White "Herrmann, Carsten"]
[Black "Meier, Klaus"]
[Result "1-0"]
[WhiteElo "2013"]
[BlackElo "1792"]
[PlyCount "107"]
[EventDate "2005.10.23"]
[EventType "team"]
[EventRounds "9"]
[EventCountry "GER"]
[SourceTitle "EXT 2008"]
[Source "ChessBase"]
[SourceDate "2007.11.25"]
[SourceVersion "1"]
[SourceVersionDate "2007.11.25"]
[SourceQuality "1"]
[WhiteTeam "Greifswald"]
[BlackTeam "Ludwigslust"]
[WhiteTeamCountry "GER"]
[BlackTeamCountry "GER"]

1. d4 d5 2. c4 e6 3. Nc3 Nf6 4. cxd5 exd5 5. Bg5 Nbd7 6. e3 c6 7. Bd3 Be7 8. Qc2 0-0 9. Nge2 b6 10. 0-0 Bb7 11. f3 c5 12. Ng3 g6 13. Rae1 Re8 14. Qf2 cxd4 15. exd4 a6 16. Nge2 b5 17. Qh4 Nh5 18. Bxe7 Qxe7 19. Qxe7 Rxe7 20. g4 Nhf6 21. Nf4 Rxe1 22. Rxe1 b4 23. Nd1 Re8 24. Rxe8+ Nxe8 25. Ne3 Nb6 26. Kf2 Kf8 27. Nc2 a5 28. b3 Ke7 29. Bf1 Bc6 30. Nd3 Nd6 31. Nc5 Nd7 32. Ke3 Nb7 33. Nxb7 Bxb7 34. h4 Bc6 35. Kf4 f6 36. g5 Nf8 37. Bh3 f5 38. Bf1 Kd6 39. Bd3 Ne6+ 40. Ke3 Kc7 41. f4 Kb6 42. a3 bxa3 43. Nxa3 Bd7 44. h5 Nd8 45. h6 Nf7 46. Nb1 Nd6 47. Nc3 Kc6 48. Bf1 Be6 49. Be2 Bc8 50. Na4 Ne4 51. Nb2 Bd7 52. Nd3 Nc3 53. Ne5+ Kd6 54. Nxg6 1-0

[Event "Mecklenburg VP LL 0405"]
[Site "Mecklenburg VP"]
[Date "2005.04.10"]
[Round "8.2"]
[White "Borchert, Chris"]
[Black "Herrmann, Carsten"]
[Result "1/2-1/2"]
[WhiteElo "2017"]
[BlackElo "1927"]
[PlyCount "98"]
[EventDate "2004.10.24"]
[EventType "team"]
[EventRounds "9"]
[EventCountry "GER"]
[SourceTitle "EXT 2009"]
[Source "ChessBase"]
[SourceDate "2008.11.26"]
[SourceVersion "1"]
[SourceVersionDate "2008.11.26"]
[SourceQuality "1"]
[WhiteTeam "Wismar"]
[BlackTeam "Pasewalk"]
[WhiteTeamCountry "GER"]
[BlackTeamCountry "GER"]

1. e4 Nf6 2. d3 d5 3. e5 Nfd7 4. Nf3 c5 5. Qe2 e6 6. g3 Nc6 7. Bg2 Be7 8. 0-0 0-0 9. c3 b5 10. Bf4 a5 11. h4 b4 12. Ng5 Qe8 13. Bh3 Bxg5 14. hxg5 Ba6 15. Kg2 Rb8 16. Rh1 bxc3 17. bxc3 d4 18. Nd2 Rb2 19. Rab1 Rxd2 20. Bxd2 Ncxe5 21. c4 Qa8+ 22. f3 Bb7 23. Rbf1 Rb8 24. Rf2 Bc6 25. Rhf1 Rb2 26. Kg1 Bxf3 27. Rxf3 Nxf3+ 28. Rxf3 Rxd2 29. Qxd2 Qxf3 30. Qxa5 Qxg3+ 31. Bg2 Qxd3 32. Qc7 Nf8 33. Qxc5 Qb1+ 34. Kh2 d3 35. Qd4 Qc2 36. Kg3 d2 37. Bf3 e5 38. Qd8 e4 39. Be2 Qxa2 40. Kf4 Qc2 41. Ke3 Qc3+ 42. Kxe4 d1Q 43. Qxd1 Ne6 44. Qd5 h6 45. gxh6 gxh6 46. Bh5 Kg7 47. Qe5+ Qxe5+ 48. Kxe5 Nd8 49. c5 Kf8 1/2-1/2

[Event "Mecklenburg VP-ch MT"]
[Site "Nakenstorf"]
[Date "2005.03.24"]
[Round "1.3"]
[White "Schinke, Andreas"]
[Black "Herrmann, Carsten"]
[Result "1-0"]
[WhiteElo "2191"]
[BlackElo "2010"]
[PlyCount "53"]
[EventDate "2005.03.24"]
[EventType "swiss"]
[EventRounds "9"]
[EventCountry "GER"]
[SourceTitle "EXT 2022"]
[Source "ChessBase"]
[SourceDate "2021.10.06"]
[SourceVersion "1"]
[SourceVersionDate "2021.10.06"]
[SourceQuality "1"]

1. e4 e6 2. d4 d5 3. Nd2 Nf6 4. e5 Nfd7 5. Bd3 c5 6. c3 Nc6 7. Ngf3 Qb6 8. 0-0 cxd4 9. cxd4 Nxd4 10. Nxd4 Qxd4 11. Nf3 Qb6 12. Qa4 Qb4 13. Qc2 Qc5 14. Bxh7 Qxc2 15. Bxc2 Rh5 16. Bf4 Nb6 17. Rac1 Bd7 18. Bd3 Bc6 19. Nd4 Kd7 20. Rc2 f6 21. Be2 Rh4 22. g3 Rh8 23. Rfc1 g5 24. Be3 fxe5 25. Nxc6 bxc6 26. Bxg5 c5 27. Bf6 1-0

[Event "Mecklenburg VP LL 0405"]
[Site "Mecklenburg VP"]
[Date "2004.11.28"]
[Round "3.2"]
[White "Von Rahden, Arvid"]
[Black "Herrmann, Carsten"]
[Result "0-1"]
[WhiteElo "2056"]
[BlackElo "1927"]
[PlyCount "60"]
[EventDate "2004.10.24"]
[EventType "team"]
[EventRounds "9"]
[EventCountry "GER"]
[SourceTitle "EXT 2009"]
[Source "ChessBase"]
[SourceDate "2008.11.26"]
[SourceVersion "1"]
[SourceVersionDate "2008.11.26"]
[SourceQuality "1"]
[WhiteTeam "Rostock II"]
[BlackTeam "Pasewalk"]
[WhiteTeamCountry "GER"]
[BlackTeamCountry "GER"]

1. e4 e6 2. Nf3 d5 3. e5 c5 4. b4 cxb4 5. d4 Bd7 6. a3 Qa5 7. Bd3 Nc6 8. Bb2 Nh6 9. 0-0 Qb6 10. a4 Be7 11. Nbd2 Na5 12. h4 Nf5 13. Qe2 Rc8 14. h5 0-0 15. g4 Nh6 16. Nh2 f5 17. exf6 Bxf6 18. Ndf3 Nf7 19. Bc1 Bxd4 20. Nxd4 Qxd4 21. Be3 Qe5 22. Nf3 Qc7 23. g5 Ne5 24. Nxe5 Qxe5 25. f4 Qd6 26. h6 g6 27. Bd4 Nc6 28. Bf6 Qc5+ 29. Kg2 Nd4 30. Qe5 Nc6 0-1

[Event "Mecklenburg VP LL 0405"]
[Site "Mecklenburg VP"]
[Date "2004.11.14"]
[Round "2.2"]
[White "Herrmann, Carsten"]
[Black "Oldach, Ehrenfried"]
[Result "1-0"]
[WhiteElo "1927"]
[BlackElo "1945"]
[PlyCount "89"]
[EventDate "2004.10.24"]
[EventType "team"]
[EventRounds "9"]
[EventCountry "GER"]
[SourceTitle "EXT 2009"]
[Source "ChessBase"]
[SourceDate "2008.11.26"]
[SourceVersion "1"]
[SourceVersionDate "2008.11.26"]
[SourceQuality "1"]
[WhiteTeam "Pasewalk"]
[BlackTeam "Warnemuende SF Ostsee"]
[WhiteTeamCountry "GER"]
[BlackTeamCountry "GER"]

1. e4 e5 2. f4 exf4 3. Nf3 Be7 4. Bc4 Nf6 5. d3 d6 6. Bxf4 Nc6 7. 0-0 0-0 8. Nbd2 Na5 9. Bb3 Nxb3 10. axb3 Bg4 11. Be3 a6 12. h3 Bh5 13. Qe1 Nd7 14. Qg3 Bf6 15. Bd4 Bg6 16. Nc4 Re8 17. Bxf6 Nxf6 18. Ne3 Nh5 19. Qf2 Nf6 20. Ra5 c5 21. Ra4 Nd7 22. Nh4 Nb6 23. Raa1 Qg5 24. Nef5 Re6 25. Nxg6 Qxg6 26. Qh4 Qf6 27. Qxf6 gxf6 28. Ne3 Kg7 29. Rf5 Rg8 30. Raf1 Nd7 31. R1f4 Kf8 32. Rh5 Rh8 33. Rfh4 Kg8 34. Rg4+ Kf8 35. Nf5 d5 36. exd5 Re2 37. Re4 Rxc2 38. Re7 Rg8 39. g4 Ne5 40. Rxb7 Nf3+ 41. Kf1 Nh2+ 42. Ke1 Nf3+ 43. Kd1 Rd2+ 44. Kc1 Re2 45. Rxh7 1-0

[Event "Greifswald op"]
[Site "Greifswald"]
[Date "2004.01.04"]
[Round "5"]
[White "Kaduszkiewicz, Martin"]
[Black "Herrmann, Carsten"]
[Result "0-1"]
[WhiteElo "1456"]
[BlackElo "1934"]
[PlyCount "54"]
[EventDate "2004.01.??"]
[EventType "swiss"]
[EventRounds "5"]
[EventCountry "GER"]
[SourceTitle "EXT 2005"]
[Source "ChessBase"]
[SourceDate "2004.11.15"]
[SourceVersion "1"]
[SourceVersionDate "2004.11.15"]
[SourceQuality "1"]

1. e4 e6 2. d4 d5 3. Nc3 Nf6 4. e5 Nfd7 5. f4 c5 6. Nf3 Nc6 7. Be3 a6 8. Qd2 b5 9. dxc5 Bxc5 10. 0-0-0 Qb6 11. Bxc5 Nxc5 12. Nd4 Bb7 13. Nxc6 Bxc6 14. Bd3 b4 15. Ne2 Rc8 16. Nd4 Na4 17. Nb3 Bd7 18. Rhf1 a5 19. Qf2 Qc7 20. Nd4 Nc5 21. Kb1 a4 22. Rc1 a3 23. b3 Ne4 24. Qe1 Nc3+ 25. Ka1 Qc5 26. Ne2 Nxe2 27. Bxe2 Qd4+ 0-1

[Event "Greifswald op"]
[Site "Greifswald"]
[Date "2004.01.02"]
[Round "1"]
[White "Zimmermann, Gordon"]
[Black "Herrmann, Carsten"]
[Result "0-1"]
[WhiteElo "1336"]
[BlackElo "1934"]
[PlyCount "60"]
[EventDate "2004.01.??"]
[EventType "swiss"]
[EventRounds "5"]
[EventCountry "GER"]
[SourceTitle "EXT 2005"]
[Source "ChessBase"]
[SourceDate "2004.11.15"]
[SourceVersion "1"]
[SourceVersionDate "2004.11.15"]
[SourceQuality "1"]

1. e4 e6 2. d4 d5 3. e5 c5 4. c3 Qb6 5. Nf3 Nc6 6. a3 Nh6 7. b4 cxd4 8. cxd4 Nf5 9. Be3 Be7 10. Be2 f6 11. 0-0 fxe5 12. Nxe5 Nxe5 13. dxe5 Nxe3 14. fxe3 Qxe3+ 15. Kh1 Bd7 16. Re1 Qg5 17. Bh5+ g6 18. Bg4 0-0 19. Nc3 Rac8 20. Nxd5 Rcd8 21. Nxe7+ Qxe7 22. Qd4 Bc6 23. Qxa7 Rd2 24. Re2 Rxe2 25. Bxe2 Qg5 26. Rg1 Qxe5 27. Re1 Bb5 28. Bxb5 Qxe1+ 29. Qg1 Qc3 30. Bd7 Qc4 0-1

[Event "Mecklenburg VP LL 0304"]
[Site "Mecklenburg VP"]
[Date "2003.11.02"]
[Round "2.2"]
[White "Herrmann, Carsten"]
[Black "Hellwig, Martin"]
[Result "1-0"]
[WhiteElo "1933"]
[BlackElo "1958"]
[PlyCount "81"]
[EventDate "2003.09.28"]
[EventType "team-tourn"]
[EventRounds "9"]
[EventCountry "GER"]
[SourceTitle "EXT 2005"]
[Source "ChessBase"]
[SourceDate "2004.11.15"]
[SourceVersion "1"]
[SourceVersionDate "2004.11.15"]
[SourceQuality "1"]
[WhiteTeam "Pasewalk"]
[BlackTeam "Neubrandenburg"]
[WhiteTeamCountry "GER"]
[BlackTeamCountry "GER"]

1. e4 d6 2. d4 e5 3. Nf3 Bg4 4. dxe5 Bxf3 5. Qxf3 dxe5 6. Bc4 Qf6 7. Qb3 b6 8. Nc3 c6 9. 0-0 Nd7 10. Be3 Nh6 11. Rad1 Bc5 12. Bxh6 gxh6 13. Bxf7+ Ke7 14. Bh5 Rad8 15. Na4 Rhf8 16. Bf3 Bd6 17. Qe3 b5 18. Nc3 Bc5 19. Rxd7+ Rxd7 20. Qxc5+ Qd6 21. Qxd6+ Rxd6 22. Rd1 Rg6 23. Kf1 Rgf6 24. Ne2 Rd6 25. Ng3 Rxd1+ 26. Bxd1 Kf6 27. h4 Rd8 28. Ke1 c5 29. Be2 c4 30. c3 a6 31. Nf5 a5 32. a3 h5 33. Ne3 Kg6 34. Nd5 Rd7 35. Kd2 Rf7 36. Ke3 Kh6 37. f4 exf4+ 38. Nxf4 Kg7 39. Bxh5 Rd7 40. Nd5 Rd6 41. Bf3 1-0

[Event "Greifswald Arndt Uni-ch"]
[Site "Greifswald"]
[Date "2003.10.19"]
[Round "5"]
[White "Schmarr, Denis"]
[Black "Herrmann, Carsten"]
[Result "1/2-1/2"]
[WhiteElo "1715"]
[BlackElo "1962"]
[PlyCount "102"]
[EventDate "2003.10.17"]
[EventType "swiss"]
[EventRounds "5"]
[EventCountry "GER"]
[SourceTitle "EXT 2005"]
[Source "ChessBase"]
[SourceDate "2004.11.15"]
[SourceVersion "1"]
[SourceVersionDate "2004.11.15"]
[SourceQuality "1"]

1. Nf3 Nf6 2. c4 e6 3. b3 d5 4. Bb2 Be7 5. g3 0-0 6. Bg2 b6 7. 0-0 Bb7 8. d4 Nbd7 9. Nc3 a6 10. Ne5 c6 11. e4 Nxe5 12. dxe5 Nxe4 13. Nxe4 dxe4 14. Bxe4 Qxd1 15. Rfxd1 Rfd8 16. Bd4 Bc5 17. Bxc5 bxc5 18. Rd6 Rxd6 19. exd6 Rd8 20. Rd1 Rd7 21. f4 f5 22. Bf3 Kf7 23. g4 fxg4 24. Bxg4 Kf6 25. Kf2 Rd8 26. Ke3 Bc8 27. Bf3 Bd7 28. Be4 h6 29. b4 cxb4 30. Kd4 Rc8 31. c5 Rb8 32. h4 a5 33. Bc2 Rb7 34. Rg1 Be8 35. Bb3 Bh5 36. Re1 Bf7 37. Ke4 Ra7 38. Ba4 Be8 39. Rf1 Bg6+ 40. Kd4 Be8 41. Ke4 Rf7 42. Bb3 Bd7 43. Rg1 g6 44. Bc2 Rg7 45. Kd4 Be8 46. Rg3 Ra7 47. Kc4 Bf7 48. Kd4 Be8 49. Ba4 Rg7 50. Bc2 Bd7 51. Ke4 Bc8 1/2-1/2

[Event "Greifswald Arndt Uni-ch"]
[Site "Greifswald"]
[Date "2003.10.18"]
[Round "3"]
[White "Giese, Guido"]
[Black "Herrmann, Carsten"]
[Result "0-1"]
[WhiteElo "1945"]
[BlackElo "1962"]
[PlyCount "86"]
[EventDate "2003.10.17"]
[EventType "swiss"]
[EventRounds "5"]
[EventCountry "GER"]
[SourceTitle "EXT 2005"]
[Source "ChessBase"]
[SourceDate "2004.11.15"]
[SourceVersion "1"]
[SourceVersionDate "2004.11.15"]
[SourceQuality "1"]

1. Nc3 d5 2. e4 e6 3. d4 Nf6 4. Bg5 Bb4 5. e5 h6 6. Bd2 Bxc3 7. bxc3 Ne4 8. Qg4 g6 9. h4 c5 10. Bd3 Nxd2 11. Kxd2 Nc6 12. Rh3 Qa5 13. Bxg6 Nxd4 14. Nf3 Rg8 15. Bxf7+ Kxf7 16. Qf4+ Ke8 17. Nxd4 cxd4 18. Rf3 dxc3+ 19. Ke1 Qc7 20. Rb1 b6 21. Rb3 d4 22. Qf6 Qg7 23. Rb4 Qxf6 24. Rxf6 Rxg2 25. Rxd4 Ke7 26. Rxh6 Rg1+ 27. Ke2 Ba6+ 28. Ke3 Re1+ 29. Kf4 Rf8+ 30. Kg3 Rxe5 31. Rh7+ Kf6 32. Rxa7 Rg8+ 33. Kh2 Bf1 34. Rf4+ Rf5 35. Rxf5+ Kxf5 36. Rb7 b5 37. Rc7 Rg2+ 38. Kh1 Rg4 39. Rxc3 Rxh4+ 40. Kg1 Bc4 41. a3 Bd5 42. Kf1 Rc4 43. Rb3 Rxc2 0-1

[Event "Greifswald Arndt Uni-ch"]
[Site "Greifswald"]
[Date "2003.10.17"]
[Round "1"]
[White "Herrmann, Carsten"]
[Black "Klinger, Clemens"]
[Result "0-1"]
[WhiteElo "1962"]
[BlackElo "1527"]
[PlyCount "30"]
[EventDate "2003.10.17"]
[EventType "swiss"]
[EventRounds "5"]
[EventCountry "GER"]
[SourceTitle "EXT 2005"]
[Source "ChessBase"]
[SourceDate "2004.11.15"]
[SourceVersion "1"]
[SourceVersionDate "2004.11.15"]
[SourceQuality "1"]

1. d4 d5 2. c4 e5 3. dxe5 d4 4. Nf3 Nc6 5. g3 Bb4+ 6. Bd2 Bxd2+ 7. Nbxd2 Bf5 8. Qb3 Rb8 9. Bg2 Nge7 10. 0-0 0-0 11. Rad1 Ng6 12. e3 dxe3 13. Qxe3 Qe7 14. Rfe1 Rfe8 15. Qf4 Nxf4 0-1

[Event "Greifswald op"]
[Site "Greifswald"]
[Date "2003.08.31"]
[Round "6"]
[White "Herrmann, Carsten"]
[Black "Hoffmann, Steffen"]
[Result "1-0"]
[WhiteElo "1992"]
[BlackElo "2052"]
[PlyCount "136"]
[EventDate "2003.08.??"]
[EventType "swiss"]
[EventRounds "7"]
[EventCountry "GER"]
[SourceTitle "EXT 2005"]
[Source "ChessBase"]
[SourceDate "2004.11.15"]
[SourceVersion "1"]
[SourceVersionDate "2004.11.15"]
[SourceQuality "1"]

1. d4 d5 2. c4 e6 3. Nc3 c5 4. cxd5 exd5 5. Nf3 Nc6 6. g3 Nf6 7. Bg2 Be7 8. 0-0 0-0 9. Bg5 cxd4 10. Nxd4 h6 11. Be3 Bg4 12. h3 Be6 13. Qa4 Ne5 14. Rad1 Nc4 15. Bc1 Qa5 16. Qxa5 Nxa5 17. Nxe6 fxe6 18. e4 dxe4 19. Nxe4 Nd5 20. Rfe1 Rac8 21. h4 Rc2 22. Bh3 Nc7 23. Bf4 Kh8 24. Rc1 Rxc1 25. Rxc1 Nd5 26. Bd2 Nc6 27. Bxe6 Nf6 28. Nxf6 Bxf6 29. Be3 Bxb2 30. Rb1 Bd4 31. Rxb7 Bxe3 32. fxe3 Re8 33. Bd7 Nd8 34. Rxa7 Re7 35. e4 g6 36. e5 Kg7 37. Rc7 Ne6 38. Rc6 Rxd7 39. Rxe6 Rd1+ 40. Kf2 Rd2+ 41. Ke3 Rxa2 42. Re7+ Kf8 43. Rd7 Ra3+ 44. Rd3 Ra4 45. Rd4 Ra3+ 46. Kf4 g5+ 47. hxg5 hxg5+ 48. Kg4 Ke7 49. Rd6 Re3 50. Rg6 Rxe5 51. Rxg5 Re4+ 52. Kf3 Rb4 53. Rf5 Rb3+ 54. Kg4 Rb4+ 55. Kg5 Rb1 56. g4 Rh1 57. Kg6 Rh2 58. g5 Rg2 59. Kg7 Ra2 60. g6 Ra1 61. Rf7+ Ke8 62. Ra7 Rf1 63. Ra4 Re1 64. Kg8 Re2 65. g7 Re1 66. Rf4 Rg1 67. Re4+ Kd7 68. Kf7 Rf1+ 1-0

[Event "Greifswald op"]
[Site "Greifswald"]
[Date "2003.08.31"]
[Round "7"]
[White "Herrmann, Carsten"]
[Black "Pajeken, Wolfgang"]
[Result "0-1"]
[WhiteElo "1992"]
[BlackElo "2322"]
[PlyCount "34"]
[EventDate "2003.08.??"]
[EventType "swiss"]
[EventRounds "7"]
[EventCountry "GER"]
[SourceTitle "EXT 2005"]
[Source "ChessBase"]
[SourceDate "2004.11.15"]
[SourceVersion "1"]
[SourceVersionDate "2004.11.15"]
[SourceQuality "1"]

1. d4 Nf6 2. c4 e6 3. Nc3 Bb4 4. Nf3 b6 5. g3 Bb7 6. Bg2 c5 7. 0-0 0-0 8. d5 d6 9. dxe6 fxe6 10. Nb5 d5 11. Ng5 Qe7 12. Bh3 a6 13. Bxe6+ Kh8 14. cxd5 axb5 15. d6 Qe8 16. Qb3 Qc6 17. Rd1 c4 0-1

[Event "Greifswald op"]
[Site "Greifswald"]
[Date "2003.08.29"]
[Round "4"]
[White "Herrmann, Carsten"]
[Black "Berger, Steve"]
[Result "1/2-1/2"]
[WhiteElo "1992"]
[BlackElo "2318"]
[PlyCount "42"]
[EventDate "2003.08.??"]
[EventType "swiss"]
[EventRounds "7"]
[EventCountry "GER"]
[SourceTitle "EXT 2005"]
[Source "ChessBase"]
[SourceDate "2004.11.15"]
[SourceVersion "1"]
[SourceVersionDate "2004.11.15"]
[SourceQuality "1"]

1. e4 c5 2. Nf3 e6 3. d4 cxd4 4. Bg5 f6 5. Bh4 d5 6. exd5 Qxd5 7. Qxd4 Qxd4 8. Nxd4 a6 9. Bc4 e5 10. Ne6 Bxe6 11. Bxe6 Nc6 12. c3 Rd8 13. Nd2 Bc5 14. Ne4 Ba7 15. Bxg8 Rxg8 16. Bxf6 gxf6 17. Nxf6+ Kf7 18. Nxg8 Kxg8 19. Ke2 e4 20. Rad1 Rf8 21. Rhf1 Rf7 1/2-1/2

[Event "Greifswald op"]
[Site "Greifswald"]
[Date "2003.08.28"]
[Round "2"]
[White "Herrmann, Carsten"]
[Black "Busse, Nadine"]
[Result "1-0"]
[WhiteElo "1992"]
[BlackElo "1680"]
[PlyCount "33"]
[EventDate "2003.08.??"]
[EventType "swiss"]
[EventRounds "7"]
[EventCountry "GER"]
[SourceTitle "EXT 2005"]
[Source "ChessBase"]
[SourceDate "2004.11.15"]
[SourceVersion "1"]
[SourceVersionDate "2004.11.15"]
[SourceQuality "1"]

1. e4 c5 2. Nf3 d6 3. d4 cxd4 4. Nxd4 Nf6 5. Nc3 a6 6. Bc4 e6 7. Bb3 Be7 8. 0-0 Qc7 9. f4 Nc6 10. Nxc6 bxc6 11. Qe2 Nd7 12. Qh5 Nc5 13. f5 Nxb3 14. axb3 0-0 15. f6 Bxf6 16. Rxf6 e5 17. Rf2 1-0

[Event "Mecklenburg VP LL2 Ost 0203"]
[Site "Mecklenburg VP"]
[Date "2003.01.12"]
[Round "4.2"]
[White "Schmidt, Joerg"]
[Black "Herrmann, Carsten"]
[Result "1-0"]
[WhiteElo "2115"]
[BlackElo "1992"]
[PlyCount "43"]
[EventDate "2002.10.20"]
[EventType "team-tourn"]
[EventRounds "9"]
[EventCountry "GER"]
[SourceTitle "EXT 2022"]
[Source "ChessBase"]
[SourceDate "2021.10.06"]
[SourceVersion "1"]
[SourceVersionDate "2021.10.06"]
[SourceQuality "1"]
[WhiteTeam "Malchow Schachinsel"]
[BlackTeam "Pasewalk"]
[WhiteTeamCountry "GER"]
[BlackTeamCountry "GER"]

1. c4 Nf6 2. Nc3 e6 3. g3 d5 4. d4 Be7 5. Bg2 0-0 6. b3 Nc6 7. e3 Bb4 8. Bd2 dxc4 9. bxc4 e5 10. d5 Ne7 11. Nge2 c6 12. Qb3 Bxc3 13. Nxc3 cxd5 14. cxd5 e4 15. Nxe4 Nexd5 16. Nxf6+ Qxf6 17. 0-0 Nb6 18. Bc3 Qg6 19. Rfd1 Bf5 20. Rd4 Rab8 21. Qa3 Nc8 22. Rad1 1-0

[Event "Greifswald Ryck op"]
[Site "Greifswald"]
[Date "2002.08.25"]
[Round "7"]
[White "Herrmann, Carsten"]
[Black "Krueger, Alexander"]
[Result "1-0"]
[WhiteElo "2006"]
[BlackElo "1586"]
[PlyCount "40"]
[EventDate "2002.08.??"]
[EventType "swiss"]
[EventRounds "7"]
[EventCountry "GER"]
[SourceTitle "EXT 2005"]
[Source "ChessBase"]
[SourceDate "2004.11.15"]
[SourceVersion "1"]
[SourceVersionDate "2004.11.15"]
[SourceQuality "1"]

1. d4 d5 2. c4 c6 3. Nf3 Nf6 4. e3 Bf5 5. Qb3 b6 6. Nc3 e6 7. Ne5 Qc7 8. Bd2 Nbd7 9. f4 Be7 10. Rc1 Nxe5 11. fxe5 Ne4 12. cxd5 exd5 13. Nxe4 Bxe4 14. Bb5 0-0 15. Bxc6 Qc8 16. Bxd5 Qg4 17. Bxe4 Bh4+ 18. g3 Qxe4 19. 0-0 Bg5 20. Rc7 h5 1-0